| 000 | 00439nam a2200169Ia 4500 | ||
|---|---|---|---|
| 008 | 241115s9999 xx 000 0 und d | ||
| 020 | _a0-471-41743-2 | ||
| 082 | _a005.43 SIL | ||
| 100 | _aAbraham, Silbesschatz | ||
| 245 | 0 | _aOperating System Concepts | |
| 250 | _a6th ed. | ||
| 260 |
_aNew York: _bJohn Wiley & Sons, _c2002. |
||
| 300 | _axxi, 887p. | ||
| 600 | _aComputer Science | ||
| 650 | _aComputer Science | ||
| 942 | _cBBD | ||
| 999 |
_c25139 _d25139 |
||